01194 a2200217 4500003000500000005001700005010001600022020002800038040000900066082001700075100002600092245011100118260003500229300003600264440004300300505051300343650003600856650002300892650003400915700002700949Nust20221212181739.0 a 99052271 a0070228396 (alk. paper) cNust00a621.3821,LEO1 aLeon-Garcia, Alberto.10aCommunication networks :bfundamental concepts and key architectures /cAlbert Leon-Garcia, Indra Widjaja. aBoston :bMcGraw-Hill,cc2000. axxiii, 867 p. :bill. ;c24 cm. 0aMcGraw-Hill series in computer science a Communication Networks and Services (Page -1), Applications and Layered Architectures (Page -43), Digital Transmission Fundamentals (Page -95), Transmission Systems and the Telephone Networks (Page -192), Peer to Peer Protocols (Page -262), Local Area Networks and Medium Access Control Protocols (Page -339), TCP /IP (Page -544), ATM Networks (Page -627), Advanced Network Architectures (Page -675), Security Protocols (Page -716), Multimedia Information and Networking (Page -752), Epilogue (Page -812). 0aComputer network architectures. 0aComputer networks. 0aTelecommunication Engineering1 aWidjaja, Indra,d1960-